El hormiguero /
Guardado en:
| Autor Principal: | |
|---|---|
| Formato: | Libro |
| Publicado: |
Buenos Aires :
Norma,
2014
|
| Series: | Torre de Papel
|
| Materias: | |
| Etiquetas: |
Agregar Etiqueta
Sin Etiquetas, Sea el primero en etiquetar este registro!
|
| LEADER | 01573nam a22003495a 4500 | ||
|---|---|---|---|
| 001 | CEM.cems015068 | ||
| 008 | 130507s2014##################000#0#####d | ||
| 005 | 20230331101226.0 | ||
| 245 | 1 | 0 | |a El hormiguero / |c Sergio Aguirre |
| 260 | |a Buenos Aires : |b Norma, |c 2014 | ||
| 300 | |a 104 p. | ||
| 490 | 0 | |a Torre de Papel | |
| 020 | |a 9789875456600 | ||
| 100 | 1 | |a Aguirre, Sergio | |
| 082 | 0 | 4 | |a A863.4 |
| 653 | |a Literatura | ||
| 653 | |a Literatura argentina | ||
| 653 | |a Literatura infantil | ||
| 653 | |a Noevla infantil | ||
| 653 | |a Colección ciencias de la educación | ||
| 859 | |a CEMS |b BIB. CEMS - Inicial y Primaria |h A863.4 |i Ag94-1 |k IP |p 5539 |t Ej.1 | ||
| 859 | |a CEMS |b BIB. CEMS - Ccias. Educacion |h A863.4 |i Ag94 |k CE |p 28048.19 |t Ej.1 | ||
| 859 | |a CEMS |b BIB. CEMS - Inicial y Primaria |h A863.4 |i Ag94-1 |k IP |p 5691 |t Ej.2 | ||
| 859 | |a CEMS |b BIB. CEMS - Ccias. Educacion |h A863.4 |i Ag94 |k CE |p 28245.19 |t Ej.2 | ||
| 859 | |a CEMS |b BIB. CEMS - Ccias. Educacion |h A863.4 |i Ag94 |k CE |p 28246.19 |t Ej.3 | ||
| 859 | |a CEMS |b BIB. CEMS - Ccias. Educacion |h A863.4 |i Ag94 |k CE |p 28247.19 |t Ej.4 | ||
| 859 | |a CEMS |b BIB. CEMS - Ccias. Educacion |h A863.4 |i Ag94 |k CE |p 28248.19 |t Ej.5 | ||
| 859 | |a CEMS |b BIB. CEMS - Ccias. Educacion |h A863.4 |i Ag94 |k CE |p 28249.19 |t Ej.6 | ||
| 859 | |a CEMS |b BIB. CEMS - Ccias. Educacion |h A863.4 |i Ag94 |k CE |p 28250.19 |t Ej.7 | ||
| 859 | |a CEMS |b BIB. CEMS - Ccias. Educacion |h A863.4 |i Ag94 |k CE |p 28251.19 |t Ej.8 | ||
| 859 | |a CEMS |b BIB. CEMS - Ccias. Educacion |h A863.4 |i Ag94 |k CE |p 28252.19 |t Ej.9 | ||
| 859 | |a CEMS |b BIB. CEMS - Ccias. Educacion |h A863.4 |i Ag94 |k CE |p 28401.19 |t Ej.10 | ||
